[Event "Brandenburg-ch Seniors 22nd"]
[Site "Berlin"]
[Date "2006.03.02"]
[Round "9"]
[White "Rabaev, Solomon Alex"]
[Black "Fiedler, Wolfgang2"]
[Result "1/2-1/2"]
[WhiteElo "1921"]
[BlackElo "1857"]
[PlyCount "107"]
[EventDate "2006.02.20"]
[EventType "swiss"]
[EventRounds "9"]
[EventCountry "GER"]
[SourceTitle "EXT 2007"]
[Source "ChessBase"]
[SourceDate "2006.11.23"]
[SourceVersion "1"]
[SourceVersionDate "2006.11.23"]
[SourceQuality "1"]

1. e4 e6 2. d4 c5 3. c3 d5 4. e5 b6 5. Nf3 Qd7 6. a3 Ba6 7. Bxa6 Nxa6 8. 0-0 Ne7 9. Bf4 h6 10. Nbd2 g5 11. Be3 Ng6 12. a4 c4 13. b3 cxb3 14. Qxb3 Rc8 15. Rfc1 Be7 16. g3 g4 17. Ne1 h5 18. Nd3 Nc7 19. Qd1 f5 20. exf6 Bxf6 21. Nf4 Nxf4 22. Bxf4 Kf7 23. Qe2 Ne8 24. f3 Ng7 25. a5 Rxc3 26. Rxc3 Bxd4+ 27. Kg2 Bxc3 28. Rc1 d4 29. axb6 axb6 30. Ne4 Qd5 31. Qd3 gxf3+ 32. Kf2 Nf5 33. Nxc3 dxc3 34. Qxc3 Ra8 35. Rc2 Ra2 36. Rxa2 Qxa2+ 37. Kxf3 b5 38. Qh8 Qd5+ 39. Ke2 Qe4+ 40. Kf1 Qh1+ 41. Ke2 Qe4+ 42. Kf1 Qf3+ 43. Ke1 Ng7 44. Bh6 Qh1+ 45. Kf2 Qxh2+ 46. Kf3 Qb2 47. Bxg7 Qxg7 48. Qxh5+ Ke7 49. Qxb5 Qc3+ 50. Kg2 Qd2+ 51. Kf3 Qd5+ 52. Qxd5 exd5 53. Ke3 Kf6 54. Kd4 1/2-1/2

[Event "Brandenburg-ch Seniors 22nd"]
[Site "Berlin"]
[Date "2006.02.21"]
[Round "2"]
[White "Rabaev, Solomon Alex"]
[Black "Hesselbarth, Karlheinz"]
[Result "1/2-1/2"]
[WhiteElo "1921"]
[BlackElo "1693"]
[PlyCount "60"]
[EventDate "2006.02.20"]
[EventType "swiss"]
[EventRounds "9"]
[EventCountry "GER"]
[SourceTitle "EXT 2007"]
[Source "ChessBase"]
[SourceDate "2006.11.23"]
[SourceVersion "1"]
[SourceVersionDate "2006.11.23"]
[SourceQuality "1"]

1. e4 e5 2. Nf3 Nc6 3. Bb5 a6 4. Ba4 d6 5. d4 b5 6. Bb3 Nxd4 7. Nxd4 exd4 8. Qxd4 c5 9. Qd5 Be6 10. Qc6+ Bd7 11. Qd5 c4 12. Bxc4 bxc4 13. Qxc4 Nf6 14. Nc3 Be7 15. a4 0-0 16. 0-0 Re8 17. h3 Qc8 18. Qd3 Rb8 19. b3 Bc6 20. Be3 Nd7 21. f3 Bf6 22. Rad1 Nf8 23. Ne2 Re6 24. Qd2 Ng6 25. Ng3 Nh4 26. Qf2 Qb7 27. Nh5 Rbe8 28. Qg3 Ng6 29. Bg5 Qb6+ 30. Kh1 Qc5 1/2-1/2

[Event "Berlin op 03"]
[Site "Berlin"]
[Date "2005.04.02"]
[Round "8"]
[White "Boettcher, Patrick"]
[Black "Rabaev, Solomon Alex"]
[Result "1-0"]
[WhiteElo "1942"]
[BlackElo "1901"]
[PlyCount "145"]
[EventDate "2005.03.25"]
[EventType "swiss"]
[EventRounds "9"]
[EventCountry "GER"]
[SourceTitle "EXT 2007"]
[Source "ChessBase"]
[SourceDate "2006.11.23"]
[SourceVersion "1"]
[SourceVersionDate "2006.11.23"]
[SourceQuality "1"]

1. e4 c5 2. Nf3 Nc6 3. d4 cxd4 4. Nxd4 Nf6 5. Nc3 e5 6. Ndb5 d6 7. Bg5 a6 8. Na3 b5 9. Bxf6 gxf6 10. Nd5 Bg7 11. c3 f5 12. exf5 Bxf5 13. Nc2 0-0 14. Nce3 Be6 15. Bd3 f5 16. Qh5 e4 17. Bc2 Ne7 18. Rd1 Ng6 19. f4 Ra7 20. 0-0 Rd7 21. Rd2 Ne7 22. Bb3 Bf7 23. Nxe7+ Qxe7 24. Nxf5 Qf6 25. Bxf7+ Rfxf7 26. Nxg7 Kxg7 27. Rd5 b4 28. Qg5+ Qxg5 29. Rxg5+ Kf6 30. c4 b3 31. Ra5 bxa2 32. Rxa2 Ra7 33. Kf2 Rfc7 34. b3 Rc5 35. Ke3 Kf5 36. Rd1 Rb7 37. Ra3 Rb6 38. Rd4 a5 39. Rxe4 a4 40. bxa4 Rb2 41. g3 Rxh2 42. Rd4 Kg4 43. a5 Rg2 44. f5+ Kxf5 45. Kf3 Rc2 46. a6 Rc8 47. Rh4 Ra8 48. a7 Rb2 49. Rxh7 Rb4 50. Ra5+ Ke6 51. Rc7 Rb3+ 52. Kg2 Rb2+ 53. Kf3 Rb3+ 54. Kf4 Rf8+ 55. Ke4 Ra8 56. g4 Rb1 57. g5 Re1+ 58. Kd4 Rd1+ 59. Kc3 Rb1 60. g6 Kf6 61. g7 Rg1 62. Kb4 Rb1+ 63. Ka4 Rg1 64. Kb5 d5 65. Ra6+ Ke5 66. cxd5 Kxd5 67. Rd7+ Ke5 68. Kc6 Rg6+ 69. Kb7 Rxa6 70. Kxa6 Ke6 71. Kb7 Rg8 72. Rc7 Kd6 73. a8Q 1-0

[Event "Berlin-ch Seniors op 21st"]
[Site "Berlin"]
[Date "2005.02.03"]
[Round "7"]
[White "Rabaev, Solomon Alex"]
[Black "Lukas, Wilmar"]
[Result "0-1"]
[WhiteElo "1901"]
[BlackElo "1798"]
[PlyCount "156"]
[EventDate "2005.01.28"]
[EventType "swiss"]
[EventRounds "9"]
[EventCountry "GER"]
[SourceTitle "EXT 2007"]
[Source "ChessBase"]
[SourceDate "2006.11.23"]
[SourceVersion "1"]
[SourceVersionDate "2006.11.23"]
[SourceQuality "1"]

1. e4 e5 2. Nf3 Nc6 3. d4 exd4 4. Nxd4 Bc5 5. c3 Qf6 6. Be3 Nge7 7. Bc4 Ne5 8. Bb3 d6 9. Nc2 Qg6 10. Rg1 Qxe4 11. Nd2 Nd3+ 12. Kf1 Qg6 13. Bxc5 Nxc5 14. Bc4 Be6 15. Be2 0-0 16. Nf3 Qf6 17. Ncd4 Bd7 18. Qd2 Ne6 19. Nxe6 fxe6 20. Re1 e5 21. Bd3 Bc6 22. Ng5 g6 23. f3 Kg7 24. Ke2 h6 25. Ne4 Qf4 26. Qxf4 Rxf4 27. Ng3 Nd5 28. Kd2 a5 29. Be4 Ra6 30. Kc1 Rf8 31. Kc2 Rb6 32. Nf1 Nf6 33. Bxc6 Rxc6 34. Nd2 Nd7 35. a3 b5 36. Kb1 Rb8 37. Ka2 Nb6 38. Re4 Nd7 39. Nb3 Ra8 40. Rd1 Nc5 41. Nxc5 Rxc5 42. f4 exf4 43. Rxf4 Rf8 44. Rdf1 Rxf4 45. Rxf4 g5 46. Rf2 a4 47. Kb1 Kg6 48. Kc2 Rf5 49. Rd2 Kf6 50. b3 axb3+ 51. Kxb3 Rc5 52. Rd4 Ke6 53. Re4+ Kd7 54. Re3 h5 55. Rf3 Kc6 56. Rf6 Re5 57. Rg6 Kc5 58. g3 g4 59. Rf6 c6 60. Rf2 d5 61. Kc2 Kd6 62. Kd3 Kc5 63. h3 gxh3 64. Rh2 Rf5 65. Rxh3 Rf3+ 66. Kd2 h4 67. Rxh4 Rxg3 68. Kc2 Rg2+ 69. Kb3 Re2 70. a4 Re4 71. Rxe4 dxe4 72. a5 Kd6 73. Kc2 Kc7 74. Kd2 Kb7 75. Ke3 Ka6 76. Kxe4 Kxa5 77. Kd4 Kb6 78. Kd3 Kc5 0-1

[Event "Berlin-ch Seniors op 21st"]
[Site "Berlin"]
[Date "2005.02.02"]
[Round "6"]
[White "Welz, Peter"]
[Black "Rabaev, Solomon Alex"]
[Result "1-0"]
[WhiteElo "2069"]
[BlackElo "1901"]
[PlyCount "53"]
[EventDate "2005.01.28"]
[EventType "swiss"]
[EventRounds "9"]
[EventCountry "GER"]
[SourceTitle "EXT 2007"]
[Source "ChessBase"]
[SourceDate "2006.11.23"]
[SourceVersion "1"]
[SourceVersionDate "2006.11.23"]
[SourceQuality "1"]

1. e4 c5 2. Nc3 d6 3. g3 g6 4. Bg2 Bg7 5. d3 Nf6 6. f4 Nc6 7. Nf3 a6 8. 0-0 Qc7 9. a3 0-0 10. Kh1 e6 11. Be3 Ng4 12. Bg1 b6 13. h3 Nf6 14. g4 Bb7 15. Qe1 Qe7 16. Qg3 d5 17. e5 Nd7 18. Rae1 f5 19. exf6 Qxf6 20. f5 Nde5 21. fxe6 Qxe6 22. Ng5 Qd7 23. Nxd5 Rxf1 24. Rxf1 Nd4 25. Bxd4 cxd4 26. Nxb6 Bxg2+ 27. Qxg2 1-0

[Event "Berlin-ch Seniors op 21st"]
[Site "Berlin"]
[Date "2005.01.28"]
[Round "1"]
[White "Rabaev, Solomon Alex"]
[Black "Rollwitz, Juergen"]
[Result "1/2-1/2"]
[WhiteElo "1901"]
[BlackElo "1799"]
[PlyCount "52"]
[EventDate "2005.01.28"]
[EventType "swiss"]
[EventRounds "9"]
[EventCountry "GER"]
[SourceTitle "EXT 2007"]
[Source "ChessBase"]
[SourceDate "2006.11.23"]
[SourceVersion "1"]
[SourceVersionDate "2006.11.23"]
[SourceQuality "1"]

1. e4 d6 2. d4 Nf6 3. Nc3 g6 4. f3 Bg7 5. Be3 c6 6. Bc4 Nbd7 7. Qd2 b5 8. Bb3 b4 9. Na4 a5 10. Ne2 Qc7 11. c3 c5 12. dxc5 dxc5 13. cxb4 cxb4 14. Rc1 Qb8 15. Bh6 0-0 16. h4 Ba6 17. h5 Bxe2 18. Kxe2 Qg3 19. Rcg1 Bxh6 20. Qxh6 g5 21. Rh3 Qe5 22. Rd1 Rac8 23. Rhh1 Nc5 24. Nxc5 Rxc5 25. Rd2 Rcc8 26. Rhd1 Qg3 1/2-1/2

[Event "Berlin op 04"]
[Site "Berlin"]
[Date "2004.04.13"]
[Round "4"]
[White "Rabaev, Solomon Alex"]
[Black "Kiesekamp, Marcos"]
[Result "0-1"]
[WhiteElo "1848"]
[BlackElo "2165"]
[PlyCount "46"]
[EventDate "2004.04.10"]
[EventType "swiss"]
[EventRounds "9"]
[EventCountry "GER"]
[SourceTitle "EXT 2007"]
[Source "ChessBase"]
[SourceDate "2006.11.23"]
[SourceVersion "1"]
[SourceVersionDate "2006.11.23"]
[SourceQuality "1"]

1. e4 c5 2. Nf3 Nc6 3. d4 cxd4 4. Nxd4 Nf6 5. Nc3 g6 6. Be3 Bg7 7. f3 0-0 8. Qd2 d5 9. exd5 Nxd5 10. Nxd5 Qxd5 11. Nxc6 bxc6 12. Qxd5 cxd5 13. 0-0-0 Rd8 14. Bc5 e5 15. g4 Be6 16. Be2 d4 17. Kb1 Rab8 18. Bd3 Rd5 19. Ba3 Ra5 20. Ka1 Bf8 21. Rb1 Bb4 22. c3 Rxa3 23. Rbc1 Rxa2+ 0-1